000 00299nam a22001337a 4500
008 171208b xxu||||| |||| 00| 0 eng d
020 _a044488850
041 _aeng
080 _a621
100 _a27
101 _aINXH
245 _aINTELLIGENT CAD, II
_cYOSHIKAWA, H& HOLDEN, T
942 _2udc
_cBK
999 _c38833
_d38833